The Vampire Diaries Series: Quotes Quiz Stats

 Plays Quiz not verified by Sporcle

Score 0/25 Timer 10:00
0 Plays Today
Quote Character % Correct
What's so special about this Bella girl? Edward's so whipped!Damon
72.7%
Vampires can't procreate... though we love to try.Damon
72.4%
We met and we talked and it was epic. But the sun came up and reality set in.Elena
70.6%
His name is Stefan Salvatore. He's a Gemini and his favorite color is blue.Caroline
68.7%
If I see something I haven't seen before, I'll throw a dollar at it.Damon
68.6%
You just don't wanna die, do you?Damon
65.3%
You made out with his mother and then you beat him to a pulp. You're gonna have to do a little better than 'I'm sorry.'Caroline
63.8%
I'm worse than shallow. I'm a kiddie pool.Caroline
63.1%
We're a team. We could travel the world together. We could try out for The Amazing Race!Damon
61.4%
Hi, John. Bye, John. Catherine
61.3%
Very Emerson, the way you reveal your soul. So many... adjectives.Damon
58.8%
Even if I can't remember why, I still feel empty, alone. Making me forget won't fix it.Jeremy
58.7%
Don't rain on my hot guy parade.Bonnie
54.5%
Quote Character % Correct
All I can think about is blood!Vicki
50.5%
I hope you're not one of those guys who now that we're together tries to change everything about me.Vicki
49.2%
You saw what I was able to do tonight. I know who I am now.Bonnie
48.1%
Don't say anything. You're a d**k. End of story.Matt
41.5%
I'm not some drunk sorority chick. You can't roofie me.Damon
41.5%
Can I get you a drink? I hear the punch is real boss.Alaric
39.4%
We'll get our town back. We just have to have patience.Pearl
36.7%
She's my sister. I'd die for her.Bonnie
36%
Don't you get it? I'm better off without you.Matt
34.3%
I was right about Mystic Falls. There's evil here. I can feel it... everywhere.Alaric
33.8%
Don't look for any redeeming qualities. I don't have any.Isobel
31.9%
[Human life] means nothing to me. It's just being who I am.Isobel
30.5%

You're not logged in!

Compare scores with friends on all Sporcle quizzes.
OR
Log In

You Might Also Like...

Show Comments

Extras

Top Quizzes Today


Score Distribution

Your Account Isn't Verified!

In order to create a playlist on Sporcle, you need to verify the email address you used during registration. Go to your Sporcle Settings to finish the process.

Report this User

Report this user for behavior that violates our Community Guidelines.

Details: